000 01376cam a22003254a 4500
005 20260322212024.0
008 data
010 _a 99053792
040 _aDLC
_cDLC
_dDLC
042 _alcac
_alcac
050 0 0 _aTH5608.8
_b.W35 2000
082 0 0 _a694/.023
_221
092 _a694 Wal 2000
100 1 _aWallner, Rosemary,
_d1964-
245 1 0 _aConstruction carpenter /
_cRosemary Wallner.
260 _aMankato, Minn. :
_bCapstone Books,
_cc2000.
300 _a48 p. :
_bcol. ill. ;
_c23 cm.
440 0 _aCareer exploration
504 _aIncludes bibliographical references (p. 44) and index.
520 _aIntroduces the career of the construction carpenter by providing information about educational requirements, duties, work place, salary, employment outlook, and possible future positions.
650 0 _aCarpentry
_xVocational guidance
_vJuvenile literature.
650 0 _aCarpenters
_vJuvenile literature.
650 1 _aCarpentry
_xVocational guidance.
650 1 _aCarpenters.
650 1 _aVocational guidance.
906 _a7
_bcbc
_corignew
_d1
_eocip
_f19
_gy-gencatlg
925 0 _aacquire
_b1 shelf copies
_xpolicy default
001 data
999 _c533
_d533